Central Library OPAC University of Rajshahi

David Harum / (Record no. 19079)

MARC details
000 -LEADER
fixed length control field 00657nam a22002173 4500
001 - CONTROL NUMBER
control field 19079
003 - CONTROL NUMBER IDENTIFIER
rucl marc code BD-RJUL
005 - DATE AND TIME OF LATEST TRANSACTION
control field 20211209000400.0
008 - FIXED-LENGTH DATA ELEMENTS--GENERAL INFORMATION
fixed length control field 161129s 1946nyu 000 1
035 ## - SYSTEM CONTROL NUMBER
System control number (BD-RjUL)19137
040 ## - CATALOGING SOURCE
Original cataloging agency BD-RjUL
Language of cataloging eng
Transcribing agency BD-RjUL
041 ## - LANGUAGE CODE
Language code of text/sound track or separate title eng
082 ## - DEWEY DECIMAL CLASSIFICATION NUMBER
Classification number 813.5
Author mark and year WED 1946
Edition number 23
100 1# - MAIN ENTRY--PERSONAL NAME
Personal name Westcott, Edward Noyes.
9 (RLIN) 58819
245 10 - TITLE STATEMENT
Title David Harum /
Statement of responsibility, etc. Edward Noyes Westcott
260 ## - PUBLICATION, DISTRIBUTION, ETC. (IMPRINT)
Place of publication, distribution, etc. New York :
Date of publication, distribution, etc. 1898.
Name of publisher, distributor, etc. Bantam book,
300 ## - PHYSICAL DESCRIPTION
Size 14 cm.
Pagination 312 p. :
Illustrations illas. ;
690 00 - LOCAL SUBJECT ADDED ENTRY--TOPICAL TERM (OCLC, RLIN)
Topical term or geographic name as entry element English literature
Topical term or geographic name as entry element English literature
Geographic subdivision United States
942 ## - ADDED ENTRY ELEMENTS (KOHA)
Source of classification or shelving scheme Dewey Decimal Classification
Koha item type Books
Holdings
Lost status Source of classification or shelving scheme Damaged status Not for loan Collection code Permanent Location Current Location Shelving location Date acquired Total Checkouts Full call number Date last seen Copy number Koha item type Source of acquisition
  Dewey Decimal Classification     Fiction Central Library, University of Rajshahi Central Library, University of Rajshahi   23/02/1998   813.5 WED 1946 23/02/2014 C-2 Books  
  Dewey Decimal Classification     Non-fiction Central Library, University of Rajshahi Central Library, University of Rajshahi   23/02/1998   813.5 WED 1946 29/11/2016 C-3 Books Zeitlinger